000 00321nam a22001457a 4500
003 OSt
005 20160727222358.0
008 160622b xxu||||| |||| 00| 0 eng d
040 _cTEST
100 _9611
_aMiller, C
245 _aThe Finale
260 _aIll
_bInter Varcity
_c1979
300 _aThe Finale
942 _2ddc
_cBK
999 _c498
_d498